| 000 | 00733cam a22002531a 4500 | ||
|---|---|---|---|
| 999 |
_c6525 _d6525 |
||
| 001 | 6525 | ||
| 003 | BD-JhCC | ||
| 005 | 20180124190650.0 | ||
| 008 | 760916s1957 njuab b 001 0 eng | ||
| 035 | _a(BD-JhCC)6525 | ||
| 035 | _a(OCoLC)2436555 | ||
| 040 |
_aDLC _cNbU _dUk _dDLC _d(BD-JhCC) |
||
| 041 | _aeng | ||
| 050 | 0 | 0 |
_aS495 _b.E9 |
| 082 |
_a630 _bEVA 1957 |
||
| 100 | 1 | _aEvans, Everett F. | |
| 245 | 1 | 0 |
_aExploring agriculture / _cEverett F. Evans, Roy L. Donahue. |
| 260 |
_aEnglewood Cliffs, N.J. : _bPrentice-Hall, _c1957. |
||
| 300 |
_axii, 366 p. : _bill., maps. ; _c23 cm. |
||
| 504 | _aIncludes bibliographies. | ||
| 650 | 0 | _aAgriculture. | |
| 700 | 1 |
_aDonahue, Roy Luther, _d1908- |
|
| 942 |
_2ddc _cBK |
||